Al pie de las letras

Saved in:
Bibliographic Details
Main Author: Torre, Guillermo de (Author)
Format: Book
Language:Spanish
Published: Buenos Aires Losada 1967
Series:Biblioteca Clásica y Contemporánea, 335
Subjects:
Tags: Add Tag
No Tags, Be the first to tag this record!

MARC

LEADER 00000cam a2200000 a 4500
001 UCZ5011
003 CL-VaPUC
005 20250305154540.0
008 951115e19670000AG |||||||||||||||||spa|d
999 |c 241341  |d 241339 
040 |c Pontificia Universidad Católica de Valparaíso 
082 0 4 |a 809  |b TOR  |2 21 
100 0 |a Torre, Guillermo de  |e author  |9 348972 
245 1 0 |a Al pie de las letras 
260 |a Buenos Aires  |b Losada  |c 1967 
300 |a 244 p 
490 0 |a Biblioteca Clásica y Contemporánea, 335 
583 |a last modification  |c 20130822 06:18:33  |k Rodrigo Vera 
600 0 7 |a Mann, Thomas,  |d 1875-1955  |9 862272 
600 0 7 |a SCHNITZLER, ARTHUR  |9 348973 
600 0 7 |a BAROJA, PIO  |2 CL-VaPUC  |9 322211 
600 0 |a Borges, Jorge Luis  |e autor  |9 322093 
650 0 |a Literatura hispanoamericana  |9 269097 
650 0 |a Literatura contemporánea   |9 321959 
650 7 |a NOVELAS  |2 CL-VaPUC  |9 333250 
650 0 |a Poesías  |9 267890 
650 0 |a Dramas  |9 348974 
942 |c BK  |2 ddc 
945 |d 19951115 00:00:00  |a rleighto 
952 |0 0  |1 0  |4 0  |6 809_000000000000000_TOR_1967  |7 0  |8 A  |9 253637  |a BIBEDU  |b BIBEDU  |d 2019-11-19  |i 3149706  |o 809 TOR 1967  |p 3149706  |r 2019-11-19  |w 2019-11-19  |y BK  |k LIT 
952 |0 0  |1 0  |3 erb  |4 0  |6 809_000000000000000_TOR_1967  |7 0  |8 A  |9 253638  |a BIBEDU  |b BIBEDU  |d 2019-11-19  |i 4997565  |o 809 TOR 1967  |p 4997565  |r 2019-11-19  |w 2019-11-19  |y BK  |z Catalogado en:20130829  |k LIT